000 00686nam a2200205Ia 4500
001 7164
003 GE_BSU
008 181216s||||||||xx |||||||||||||| ||und||
040 _cGE_BSU
080 _a519.85(075.8)
100 _aБухтияров, А.М.
245 _aСборник задач по программированию на алгоритмических языках
245 _cПод ред.Н.А.Криницкого
260 _aМосква
260 _bНаука
260 _c1978
300 _a238стр. 20см.
653 _aСборник задач по программированию на алгоритмических языках
942 _cBK
999 _c40552
_d40552